000 01325nam0a22002891 4500
001 rc\990263
005 20041129101508.9
035 _a(NLR Aleph) 006157525
090 _a5827812
_c5827812
100 _a20041129d1981 u |0rusy50 ca
101 0 _arus
102 _aRU
105 _ay |||||||||
200 1 _aОсобенности разработки многопластовых нефтяных месторождений Коми АССР
_f[А.Г. Демиденок, М.А. Груздева, В.А. Кузькоков]
210 _aМ.
_cВНИИОЭНГ
_d1981
215 _a52 с.
_d20
225 1 _aНефтяная промышленность
_iСерия "Нефтепромысловое дело"
_eОбзор. информ.
_fВНИИ орг., упр. и экономики нефтегазовой пром-сти
_vВып. 14
300 _aВ надзаг. также: М-во нефт. пром-сти
320 _aБиблиогр.: с. 49-50
700 1 _aДемиденок
_bА. Г.
_gАнатоилй Григорьевич
701 1 _aГруздева
_bМ. А.
_gМария Аркадьевна
701 1 _aКузькоков
_bВ. А.
_gВладимир Алексеевич
801 0 _aRU
_bNLR
_gpsbo
801 1 _aRU
_bELAR
_2rusmarc
852 _aNLR
_jП10/5848
942 _cBOOK
980 _aNB